000 00244nam a2200109Ia 4500
008 240625s9999 xx 000 0 und d
041 _aeng
082 _a658.1511 SHA
100 _aSHAH PARESH
245 _aMANAGEMENT ACCOUNTING
260 _c2009
999 _c34468
_d34468